000 00460nam a2200181Ia 4500
001 24440
005 20260414151043.0
008 260414t2018||||xx |||||||||||||| ||spa||
041 _aESP
082 _a345.7
_bM66
100 _aMitidiero, Daniel
_eAUT
245 0 _aLos principios procesales de la justicia civil en Iberoamérica
_b
260 _c2018
300 _a543 páginas :
_c24 cm.
650 _aDER
654 _aCDE
942 _cLIB
_dJUS
_fJUS
_2ddc
_n
999 _c24440
_d24440